00389nam a2200121Ia 4500008004100000082002000041100001600061245001500077260004400092300000800136630001800144650010500162211109s9999||||xx |||||||||||||| ||und|| a894.8121bBHA-M aBhaskran, P 0aMulkiridam bSahithya Pravarthaka...aKottayamc1900 a62p xGeneral Stack aLiterature & rhetoricvLiteratures of other languagesMalayalam literatureMalayalam PoetryxGeneralia